MARC details
| 000 -CABECERA |
| campo de control de longitud fija |
02406nam a2200277 a 4500 |
| 001 - NÚMERO DE CONTROL |
| campo de control |
000012724 |
| 005 - FECHA Y HORA DE LA ÚLTIMA TRANSACCIÓN |
| campo de control |
20240305140451.0 |
| 008 - DATOS DE LONGITUD FIJA--INFORMACIÓN GENERAL |
| campo de control de longitud fija |
091116s2001 dr gr 001 0 spa d |
| 020 ## - NÚMERO INTERNACIONAL ESTÁNDAR DEL LIBRO |
| Número Internacional Estándar del Libro |
9993483508 |
| 040 ## - FUENTE DE LA CATALOGACIÓN |
| Centro catalogador/agencia de origen |
DO-SdBNP |
| Lengua de catalogación |
spa |
| Centro/agencia transcriptor |
BNPHU |
| 082 ## - NÚMERO DE LA CLASIFICACIÓN DECIMAL DEWEY |
| Número de clasificación |
365.97293 |
| Número de documento/Ítem |
R175p |
| 100 1# - ENTRADA PRINCIPAL--NOMBRE DE PERSONA |
| Nombre de persona |
Ramos Jeréz, Leoncio, |
| Fechas asociadas al nombre |
1894-1971 |
| 9 (RLIN) |
17088 |
| 245 10 - MENCIÓN DE TÍTULO |
| Título |
Yo pasé un día en Sing-Sing y otros escritos / |
| Mención de responsabilidad, etc. |
Leoncio Ramos ; editor Wilfredo Mora. |
| 260 ## - PUBLICACIÓN, DISTRIBUCIÓN, ETC. |
| Lugar de publicación, distribución, etc. |
Santo Domingo : |
| Nombre del editor, distribuidor, etc. |
Búho, |
| Fecha de publicación, distribución, etc. |
2001. |
| 300 ## - DESCRIPCIÓN FÍSICA |
| Extensión |
157 p. ; |
| Dimensiones |
22 cm. |
| 490 1# - MENCIÓN DE SERIE |
| Mención de serie |
Pensamiento criminológico dominicano |
| Designación de volumen o secuencia |
1 |
| Mención de serie |
Cuadernos de la cárcel |
| 500 ## - NOTA GENERAL |
| Nota general |
Incluye semblanza del autor. |
| 505 0# - NOTA DE CONTENIDO CON FORMATO |
| Información miscelánea |
Semblanza de Leoncio Ramos / |
| Mención de responsabilidad |
Wellington Ramos Messina -- |
| Título |
Yo pasé un día en Sing-Sing: |
| -- |
Estampas del pasado -- |
| -- |
"Siño Pepe jata luego" -- |
| -- |
"Universidad no"; "Agencia de exámenes" -- |
| -- |
El uso del cepo es un delito -- |
| -- |
De bárbaros a civilizados en un día -- |
| -- |
Quien siembre dolor e injusticia eso cosechará -- |
| -- |
Un apóstol y un monumento -- |
| -- |
Silencio a fuerza de látigo -- |
| -- |
Tuberculosis, locura y suicidio fue la cosecha -- |
| -- |
Hechos humanos humanamente tratados -- |
| -- |
¡Delincuentes por apasionados! -- |
| -- |
¿Esclavos de la carne o de la sociedad? -- |
| -- |
¡Los muertos mandan! -- |
| -- |
Somos tres en uno -- |
| -- |
Por algo los marcó la naturaleza -- |
| -- |
Cambio de legislación pero no de concepto -- |
| -- |
Niños con sus madres en la cárcel -- |
| -- |
Siempre tras el futuro prohibido -- |
| -- |
Los idealistas y los hombres de acción -- |
| -- |
¿Un mal necesario la prostitución? -- |
| -- |
¿Prostitutas o víctimas? -- |
| -- |
Justicia al estilo de Salomón -- |
| -- |
¿Un poder del Estado el Judicial? -- |
| -- |
Concepto de la justicia y de su dignidad -- |
| -- |
La política en la justicia -- |
| Información miscelánea |
Otros escritos: |
| Título |
Programa de estudio para la preparación del personal de prisiones: |
| -- |
Formación de funcionarios de dirección -- |
| -- |
Curso inicial para guardias de custodios y otros trabajadores de servicios generales -- |
| -- |
Exposición de motivos acerca del programa de estudios. |
| 650 #4 - PUNTO DE ACCESO ADICIONAL DE MATERIA--TÉRMINO DE MATERIA |
| Término de materia o nombre geográfico como elemento de entrada |
Prisiones |
| Subdivisión general |
República dominicana |
| -- |
Ensayos, conferencias, etc. |
| 9 (RLIN) |
29488 |
| 650 #4 - PUNTO DE ACCESO ADICIONAL DE MATERIA--TÉRMINO DE MATERIA |
| Término de materia o nombre geográfico como elemento de entrada |
Abogados |
| Subdivisión general |
Ensayos, conferencias, etc. |
| 9 (RLIN) |
29489 |
| 650 #4 - PUNTO DE ACCESO ADICIONAL DE MATERIA--TÉRMINO DE MATERIA |
| Término de materia o nombre geográfico como elemento de entrada |
Diarios dominicanos |
| Subdivisión general |
Secciones, columnas, etc. |
| 9 (RLIN) |
44 |
| 700 1# - PUNTO DE ACCESO ADICIONAL--NOMBRE DE PERSONA |
| Nombre de persona |
Mora, Wilfredo, |
| Fechas asociadas al nombre |
1965- |
| Término indicativo de función/relación |
ed. |
| 9 (RLIN) |
12701 |
| 730 0# - PUNTO DE ACCESO ADICIONAL--TÍTULO UNIFORME |
| Título uniforme |
La Oplinión (República Dominicana) |
| 9 (RLIN) |
29490 |
| 830 #0 - PUNTO DE ACCESO ADICIONAL DE SERIE-TÍTULO UNIFORME |
| Título uniforme |
Pensamiento criminológico dominicano |
| Designación de volumen o secuencia |
1 |
| Nombre de parte o sección de la obra |
Cuaderno de la cárcel |
| 9 (RLIN) |
29491 |
| 910 ## - DATOS DE OPCIÓN DEL USUARIO (OCLC) |
| Datos de opción del usuario |
Validado. Control de calidad. EMS |